[Event "TCh-FRA Top 12 2021"]
[Site "Chalons en Champagne FRA"]
[Date "2021.06.27"]
[Round "4.6"]
[Board "4"]
[White "Sokolov, Andrei1"]
[Black "Real, Thibault"]
[Result "1-0"]
[WhiteTitle "GM"]
[BlackTitle "FM"]
[WhiteElo "2490"]
[BlackElo "2267"]
[WhiteTeam "Philidor Mulhouse"]
[BlackTeam "Echiquier de l'Erdre"]
[WhiteFideId "627089"]
[BlackFideId "205559"]
[EventDate "2021.06.24"]

1. e4 e5 2. Nf3 Nc6 3. Bb5 a6 4. Ba4 Nf6 5. O-O Be7 6. d3 b5 7. Bb3 d6 8. a4 Bd7
9. Nc3 Na5 10. Ba2 b4 11. Ne2 c5 12. Nd2 O-O 13. Nc4 Nxc4 14. Bxc4 Be6 15. Ng3
d5 16. exd5 Nxd5 17. Re1 f6 18. f4 Nxf4 19. Bxf4 Bxc4 20. dxc4 exf4 21. Nf5 Ra7
22. Rxe7 1-0

[Event "TCh-FRA Top 12 2021"]
[Site "Chalons en Champagne FRA"]
[Date "2021.06.27"]
[Round "4.6"]
[Board "5"]
[White "Jaouen, Valentin"]
[Black "Riff, Jean-Noel"]
[Result "1/2-1/2"]
[BlackTitle "GM"]
[WhiteElo "2112"]
[BlackElo "2499"]
[WhiteTeam "Echiquier de l'Erdre"]
[BlackTeam "Philidor Mulhouse"]
[WhiteFideId "20631294"]
[BlackFideId "611190"]
[EventDate "2021.06.24"]

1. e4 e5 2. Nf3 Nc6 3. Bb5 a6 4. Bxc6 dxc6 5. O-O Qf6 6. d4 exd4 7. Bg5 Qd6 8.
Nxd4 Be7 9. Bxe7 Nxe7 10. Nc3 Bd7 11. Nb3 Qxd1 12. Raxd1 b6 13. Rd2 O-O-O 14.
Rfd1 Rhe8 15. f4 f6 16. Nd4 Bg4 17. Nde2 Rxd2 18. Rxd2 c5 19. Kf2 Nc6 20. h3 Be6
21. Nd5 Bf7 22. Ng3 Bg6 23. Nf5 Rxe4 24. Nxg7 f5 25. g3 b5 26. c3 Ra4 1/2-1/2

[Event "TCh-FRA Top 12 2021"]
[Site "Chalons en Champagne FRA"]
[Date "2021.06.27"]
[Round "4.6"]
[Board "6"]
[White "Zachary, Matheo"]
[Black "De Pierrefeu, Thibaut"]
[Result "1-0"]
[WhiteTitle "FM"]
[WhiteElo "2334"]
[BlackElo "2205"]
[WhiteTeam "Philidor Mulhouse"]
[BlackTeam "Echiquier de l'Erdre"]
[WhiteFideId "26024691"]
[BlackFideId "2109093"]
[EventDate "2021.06.24"]

1. e4 e5 2. Nf3 Nc6 3. Nc3 Nf6 4. Bb5 Bb4 5. O-O O-O 6. d3 Bxc3 7. bxc3 d6 8.
Bg5 Qe7 9. Re1 Nd8 10. d4 Bg4 11. h3 Bh5 12. g4 Bg6 13. d5 c6 14. Bd3 cxd5 15.
exd5 b6 16. Nd4 Ne6 17. dxe6 Bxd3 18. Qxd3 exd4 19. exf7+ Qxf7 20. Qxd4 Rac8 21.
Bxf6 Qxf6 22. Qxf6 Rxf6 23. Re3 Rcf8 24. Rf1 Rf3 25. c4 R3f4 26. Rc3 Rd4 27. Re1
Rd2 28. f3 Rc8 29. Ree3 Rd4 30. Red3 Rdxc4 31. Rxc4 Rxc4 32. Rxd6 Ra4 33. Rd7
Rxa2 34. Rc7 h6 35. Kf2 a5 36. Ke3 a4 37. h4 b5 38. g5 hxg5 39. hxg5 Kh7 40. f4
b4 41. f5 Ra3+ 42. Ke4 b3 43. f6 b2 44. Rxg7+ Kh8 45. g6 Rh3 46. Rb7 Rb3 47.
Rh7+ Kg8 48. f7+ 1-0

[Event "TCh-FRA Top 12 2021"]
[Site "Chalons en Champagne FRA"]
[Date "2021.06.27"]
[Round "4.6"]
[Board "7"]
[White "Le Pen, Steven"]
[Black "Navrotescu, Andreea"]
[Result "0-1"]
[BlackTitle "WIM"]
[WhiteElo "2107"]
[BlackElo "2253"]
[WhiteTeam "Echiquier de l'Erdre"]
[BlackTeam "Philidor Mulhouse"]
[WhiteFideId "612197"]
[BlackFideId "675946"]
[EventDate "2021.06.24"]

1. e4 c5 2. Nf3 Nc6 3. d4 cxd4 4. Nxd4 Qc7 5. Be3 Nf6 6. Nc3 e6 7. f3 a6 8. Qd2
b5 9. O-O-O Bb7 10. g4 Nxd4 11. Bxd4 b4 12. Na4 d5 13. Nb6 Rd8 14. e5 Ng8 15.
Bd3 Ne7 16. Na4 Nc6 17. Bb6 Qxe5 18. Bxd8 Nxd8 19. Rhe1 Qc7 20. Qe3 Bd6 21. Kb1
O-O 22. Qb6 Qc6 23. b3 g6 24. Qxc6 Nxc6 25. h3 Rc8 26. Bf1 Rc7 27. Nb2 Be5 28.
Bd3 Bc3 29. Rf1 e5 30. Na4 Bd4 31. h4 Re7 32. Rde1 Nd8 33. Kc1 Ne6 34. Kd2 Nf4
35. c3 bxc3+ 36. Nxc3 Ng2 37. Re2 Nxh4 38. Nd1 Bc5 39. Bb1 e4 40. fxe4 dxe4 41.
Ne3 Nf3+ 42. Kc3 Bd4+ 43. Kb4 Rc7 44. Nc4 Bc5+ 45. Kc3 f5 46. Rd1 h5 47. gxf5
gxf5 48. Rg2+ Kf7 49. b4 Be7 50. Kb3 Bf6 51. Rd6 Nd4+ 52. Rxd4 Bxd4 53. Nd6+ Ke6
54. Rg6+ Ke5 55. Nxb7 Rxb7 56. Rxa6 Rh7 0-1

[Event "TCh-FRA Top 12 2021"]
[Site "Chalons en Champagne FRA"]
[Date "2021.06.27"]
[Round "4.6"]
[Board "8"]
[White "Netzer, Jacques"]
[Black "Ruhlmann, Helene"]
[Result "1-0"]
[WhiteTitle "FM"]
[WhiteElo "2269"]
[BlackElo "1816"]
[WhiteTeam "Philidor Mulhouse"]
[BlackTeam "Echiquier de l'Erdre"]
[WhiteFideId "652873"]
[BlackFideId "20643209"]
[EventDate "2021.06.24"]

1. e4 c5 2. d3 e6 3. g3 d5 4. Nd2 Nc6 5. Bg2 Nf6 6. Nh3 Be7 7. O-O O-O 8. f4 b5
9. e5 Nd7 10. c3 Qc7 11. Nf3 d4 12. cxd4 cxd4 13. Nxd4 Bc5 14. Be3 Bb7 15. Nc2
Rad8 16. d4 Nb6 17. Ng5 Be7 18. b3 h6 19. Ne4 Nd5 20. Bf2 a5 21. Rc1 a4 22. Qh5
Ra8 23. Ne1 axb3 24. axb3 Ra3 25. Nd3 Rxb3 26. Nec5 Ra3 27. f5 Nc3 28. fxe6 Bc8
29. exf7+ Rxf7 30. Rxc3 Rf5 31. Bd5+ Kh7 32. Qe8 1-0

[Event "TCh-FRA Top 12 2021"]
[Site "Chalons en Champagne FRA"]
[Date "2021.06.28"]
[Round "5.1"]
[Board "1"]
[White "Bluebaum, Matthias"]
[Black "Jones, Gawain C B"]
[Result "0-1"]
[WhiteTitle "GM"]
[BlackTitle "GM"]
[WhiteElo "2669"]
[BlackElo "2677"]
[WhiteTeam "Philidor Mulhouse"]
[BlackTeam "Echiquier Chalonnais"]
[WhiteFideId "24651516"]
[BlackFideId "409561"]
[EventDate "2021.06.24"]

1. d4 Nf6 2. c4 g6 3. Nc3 Bg7 4. e4 d6 5. h3 O-O 6. Be3 e5 7. d5 Na6 8. g4 Nc5
9. f3 a5 10. Qd2 c6 11. Nge2 a4 12. Ng3 h5 13. gxh5 Nxh5 14. Nxh5 Qh4+ 15. Ng3
Qxg3+ 16. Qf2 Qxf2+ 17. Kxf2 f5 18. Kg2 Bd7 19. Rd1 Rfd8 20. Be2 Bf6 21. h4 f4
22. Bf2 Be7 23. h5 g5 24. Bxc5 dxc5 25. Rd3 Kf7 26. Nd1 cxd5 27. Rxd5 Be6 28.
Nc3 Bxd5 29. exd5 e4 30. Nxe4 Ra6 31. Kh3 Rb6 32. Rb1 Rh6 33. Kg4 Rxh5 34. Kf5
b6 35. a3 Rg8 36. b3 axb3 37. Rxb3 Rg6 38. Rb1 g4+ 39. Kxf4 g3 40. d6 g2 41.
dxe7 Rh1 0-1

[Event "TCh-FRA Top 12 2021"]
[Site "Chalons en Champagne FRA"]
[Date "2021.06.28"]
[Round "5.1"]
[Board "2"]
[White "Anton Guijarro, David"]
[Black "Gajewski, Grzegorz"]
[Result "1/2-1/2"]
[WhiteTitle "GM"]
[BlackTitle "GM"]
[WhiteElo "2673"]
[BlackElo "2603"]
[WhiteTeam "Echiquier Chalonnais"]
[BlackTeam "Philidor Mulhouse"]
[WhiteFideId "2285525"]
[BlackFideId "1116207"]
[EventDate "2021.06.24"]

1. c4 e5 2. g3 Nf6 3. Bg2 c6 4. d4 e4 5. d5 Bb4+ 6. Bd2 Qe7 7. e3 Bxd2+ 8. Nxd2
d6 9. Ne2 cxd5 10. cxd5 O-O 11. O-O Na6 12. Rc1 Nc5 13. Rc4 Bg4 14. Rd4 a5 15.
h3 Bh5 16. g4 Bg6 17. Nf4 h6 18. h4 Bh7 19. g5 Nfd7 20. Qg4 f5 21. Qg3 Kh8 22.
Nc4 Ne5 23. b3 b5 24. Na3 b4 25. Nc4 Ng4 26. Ne6 Nxe6 27. dxe6 Qxe6 28. Rxd6 Qe7
29. Qf4 Qe8 30. Rfd1 Qh5 31. gxh6 gxh6 32. Ne5 Qxh4 33. Nxg4 fxg4 34. Qe5+ Kg8
35. Qd5+ Kh8 36. Qe5+ Kg8 37. Qd5+ Kh8 38. Qe5+ 1/2-1/2

[Event "TCh-FRA Top 12 2021"]
[Site "Chalons en Champagne FRA"]
[Date "2021.06.28"]
[Round "5.1"]
[Board "3"]
[White "Istratescu, Andrei"]
[Black "Edouard, Romain"]
[Result "1/2-1/2"]
[WhiteTitle "GM"]
[BlackTitle "GM"]
[WhiteElo "2553"]
[BlackElo "2598"]
[WhiteTeam "Philidor Mulhouse"]
[BlackTeam "Echiquier Chalonnais"]
[WhiteFideId "1200372"]
[BlackFideId "633429"]
[EventDate "2021.06.24"]

1. d4 d5 2. c4 e6 3. Nc3 Nf6 4. Nf3 a6 5. cxd5 exd5 6. Bg5 Be6 7. e3 Nbd7 8. Bd3
h6 9. Bh4 g5 10. Bg3 Nh5 11. Be5 Ng7 12. Bg3 Nh5 13. Be5 Ng7 14. Bg3 1/2-1/2

[Event "TCh-FRA Top 12 2021"]
[Site "Chalons en Champagne FRA"]
[Date "2021.06.28"]
[Round "5.1"]
[Board "4"]
[White "Fedorchuk, Sergey A."]
[Black "Riff, Jean-Noel"]
[Result "1-0"]
[WhiteTitle "GM"]
[BlackTitle "GM"]
[WhiteElo "2616"]
[BlackElo "2499"]
[WhiteTeam "Echiquier Chalonnais"]
[BlackTeam "Philidor Mulhouse"]
[WhiteFideId "14102536"]
[BlackFideId "611190"]
[EventDate "2021.06.24"]

1. e4 e5 2. Nf3 Nc6 3. Bc4 Nf6 4. d3 Bc5 5. O-O d6 6. c3 O-O 7. Re1 h6 8. Nbd2
a5 9. Nf1 Be6 10. Bb5 Bb6 11. Ng3 Ne7 12. d4 exd4 13. cxd4 d5 14. e5 Ne4 15. Bd3
Nxg3 16. hxg3 Qd7 17. Bc2 Bf5 18. Be3 Bxc2 19. Qxc2 Qf5 20. Qe2 Rac8 21. Rac1
Qg4 22. Qb5 Rfd8 23. Nh2 Qd7 24. Qd3 Nf5 25. Nf1 Qe6 26. Red1 f6 27. exf6 Qxf6
28. g4 Nd6 29. Rc2 c6 30. a4 Bc7 31. f3 Re8 32. Bf2 Re7 33. Bg3 Rce8 34. Be5
Rxe5 35. dxe5 Bb6+ 36. Kh1 Qh4+ 37. Nh2 Rxe5 38. Re2 Bf2 39. Rxe5 1-0

[Event "TCh-FRA Top 12 2021"]
[Site "Chalons en Champagne FRA"]
[Date "2021.06.28"]
[Round "5.1"]
[Board "5"]
[White "Sokolov, Andrei1"]
[Black "Grandelius, Nils"]
[Result "1/2-1/2"]
[WhiteTitle "GM"]
[BlackTitle "GM"]
[WhiteElo "2490"]
[BlackElo "2670"]
[WhiteTeam "Philidor Mulhouse"]
[BlackTeam "Echiquier Chalonnais"]
[WhiteFideId "627089"]
[BlackFideId "1710400"]
[EventDate "2021.06.24"]

1. e4 c5 2. Nf3 d6 3. Bb5+ Nd7 4. O-O a6 5. Bxd7+ Bxd7 6. d4 cxd4 7. Qxd4 e5 8.
Qd3 Rc8 9. Nc3 h6 10. Rd1 Nf6 11. Nd2 Bg4 12. Re1 Be7 13. Nc4 Be6 14. Ne3 O-O
15. Bd2 Qc7 16. Rac1 Qc5 17. b3 Qd4 18. Ncd5 Nxd5 19. exd5 Qxd3 20. cxd3 Bd7 21.
Nc4 Bf5 22. Nb6 Rxc1 23. Rxc1 Bxd3 24. Rc7 Bd8 25. Rxb7 Bxb6 1/2-1/2

[Event "TCh-FRA Top 12 2021"]
[Site "Chalons en Champagne FRA"]
[Date "2021.06.28"]
[Round "5.1"]
[Board "6"]
[White "David, Alberto"]
[Black "Netzer, Jacques"]
[Result "1-0"]
[WhiteTitle "GM"]
[BlackTitle "FM"]
[WhiteElo "2527"]
[BlackElo "2269"]
[WhiteTeam "Echiquier Chalonnais"]
[BlackTeam "Philidor Mulhouse"]
[WhiteFideId "4000013"]
[BlackFideId "652873"]
[EventDate "2021.06.24"]

1. d4 Nf6 2. c4 e6 3. g3 Bb4+ 4. Bd2 a5 5. Bg2 d6 6. Nf3 Nbd7 7. O-O e5 8. Bc1
exd4 9. Nxd4 O-O 10. Qc2 Re8 11. Nc3 Nb6 12. Rd1 Qe7 13. b3 c6 14. Bb2 a4 15.
Rac1 axb3 16. axb3 Ba3 17. Ra1 Bxb2 18. Rxa8 Bxc3 19. Rxc8 Nxc8 20. Qxc3 c5 21.
Nc2 b5 22. Ne3 bxc4 23. bxc4 Qe5 24. Qxe5 dxe5 25. Nd5 Nd7 26. Nc7 Re7 27. Bc6
Nf8 28. Nd5 Ra7 29. Nc3 Ne7 30. Bb5 Ne6 31. Ne4 g6 32. e3 Kg7 33. h4 h5 34. Bd7
Nf8 35. Bb5 Ne6 36. Rd6 Nc8 37. Rd5 Ra1+ 38. Kg2 Rc1 39. Nxc5 Nc7 40. Rxe5 Nd6
41. Ne4 Nxc4 42. Bxc4 Rxc4 43. Re7 Nb5 44. Ng5 Nd6 45. Rd7 Rc6 46. e4 1-0

[Event "TCh-FRA Top 12 2021"]
[Site "Chalons en Champagne FRA"]
[Date "2021.06.28"]
[Round "5.1"]
[Board "7"]
[White "Frederic, Clement"]
[Black "Velten, Paul"]
[Result "0-1"]
[BlackTitle "GM"]
[WhiteElo "2242"]
[BlackElo "2482"]
[WhiteTeam "Philidor Mulhouse"]
[BlackTeam "Echiquier Chalonnais"]
[WhiteFideId "637319"]
[BlackFideId "681091"]
[EventDate "2021.06.24"]

1. e4 c6 2. d4 d5 3. f3 e6 4. Nc3 b5 5. Be3 b4 6. Nce2 Nf6 7. Ng3 Qa5 8. Qd2 c5
9. e5 Nfd7 10. f4 cxd4 11. Bf2 Nc6 12. Nf3 Bc5 13. Bd3 Ba6 14. O-O O-O 15. Qe2
Bxd3 16. cxd3 Rfe8 17. Rac1 Rac8 18. b3 Qa6 19. Rfd1 Bb6 20. Qd2 Qa3 21. Ne2 Qa5
22. Rc2 Ne7 23. Rdc1 0-1

[Event "TCh-FRA Top 12 2021"]
[Site "Chalons en Champagne FRA"]
[Date "2021.06.28"]
[Round "5.1"]
[Board "8"]
[White "Alexieva, Silvia"]
[Black "Navrotescu, Andreea"]
[Result "1/2-1/2"]
[WhiteTitle "IM"]
[BlackTitle "WIM"]
[WhiteElo "2271"]
[BlackElo "2253"]
[WhiteTeam "Echiquier Chalonnais"]
[BlackTeam "Philidor Mulhouse"]
[WhiteFideId "2902265"]
[BlackFideId "675946"]
[EventDate "2021.06.24"]

1. d4 d5 2. Nf3 Nf6 3. g3 e6 4. Bg2 b5 5. O-O Bb7 6. b3 b4 7. c4 bxc3 8. Nxc3
Nbd7 9. Bf4 a6 10. Rc1 c5 11. Ne5 Nxe5 12. Bxe5 Nd7 13. Bf4 f6 14. Na4 Rc8 15.
Be3 cxd4 16. Qxd4 Bd6 1/2-1/2

[Event "TCh-FRA Top 12 2021"]
[Site "Chalons en Champagne FRA"]
[Date "2021.06.28"]
[Round "5.2"]
[Board "1"]
[White "Le Hetet, Nicolas"]
[Black "Alonso Rosell, Alvar"]
[Result "1-0"]
[WhiteTitle "FM"]
[BlackTitle "GM"]
[WhiteElo "2393"]
[BlackElo "2572"]
[WhiteTeam "Echiquier Agenais"]
[BlackTeam "Club 608 Paris"]
[WhiteFideId "634824"]
[BlackFideId "2270544"]
[EventDate "2021.06.24"]

1. e4 c5 2. Nf3 d6 3. d4 cxd4 4. Nxd4 Nf6 5. Nc3 a6 6. g3 e5 7. Nde2 Be7 8. Bg2
O-O 9. O-O b5 10. h3 Nbd7 11. g4 b4 12. Nd5 Nxd5 13. exd5 h5 14. Ng3 hxg4 15.
Qxg4 Nc5 16. Qxb4 f5 17. f4 a5 18. Qa3 Ba6 19. Re1 Bh4 20. Bd2 exf4 21. Bxf4 g5
22. Bd2 f4 23. Nh5 Bxe1 24. Rxe1 Ra7 25. Bxa5 Qc8 26. Qf3 Qf5 27. Bc3 Bc8 28.
Nf6+ Kf7 29. Qd1 Rh8 30. Ng4 Rh7 31. Qd4 Kf8 32. b4 1-0

[Event "TCh-FRA Top 12 2021"]
[Site "Chalons en Champagne FRA"]
[Date "2021.06.28"]
[Round "5.2"]
[Board "2"]
[White "Ramirez Garcia, Jorge Alberto"]
[Black "Fantinel, Thibault"]
[Result "1/2-1/2"]
[WhiteTitle "FM"]
[BlackTitle "IM"]
[WhiteElo "2305"]
[BlackElo "2380"]
[WhiteTeam "Club 608 Paris"]
[BlackTeam "Echiquier Agenais"]
[WhiteFideId "5108101"]
[BlackFideId "663395"]
[EventDate "2021.06.24"]

1. e4 c5 2. Nf3 e6 3. c3 Nf6 4. e5 Nd5 5. Bc4 d6 6. exd6 Bxd6 7. d4 O-O 8. O-O
b6 9. Bg5 Qc7 10. dxc5 bxc5 11. Bxd5 exd5 12. Qxd5 Bb7 13. Qf5 h6 14. Bh4 Bxf3
15. Qxf3 Bxh2+ 16. Kh1 Be5 17. Nd2 Nc6 18. Nc4 Rae8 19. Nxe5 Nxe5 20. Bg3 Qd7
21. Rad1 Qe6 22. Qd5 f6 23. Rfe1 Qxd5 24. Rxd5 c4 25. Bxe5 Rxe5 26. Rexe5 fxe5
27. Rxe5 Rxf2 28. Rb5 Kf7 29. Kh2 g5 30. Kg3 Rd2 31. a4 Kg6 32. a5 h5 33. Rb7 a6
34. Rc7 Rxb2 35. Rxc4 Rb5 36. Rc6+ Kf5 37. Rxa6 Rc5 38. Kf2 Rxc3 39. Rb6 Ke5 1/2-1/2

[Event "TCh-FRA Top 12 2021"]
[Site "Chalons en Champagne FRA"]
[Date "2021.06.28"]
[Round "5.2"]
[Board "3"]
[White "Kirk, Ezra"]
[Black "Song, Julien"]
[Result "1/2-1/2"]
[WhiteTitle "IM"]
[BlackTitle "IM"]
[WhiteElo "2447"]
[BlackElo "2328"]
[WhiteTeam "Echiquier Agenais"]
[BlackTeam "Club 608 Paris"]
[WhiteFideId "600067"]
[BlackFideId "659487"]
[EventDate "2021.06.24"]

1. e4 e5 2. Nf3 Nf6 3. Nxe5 d6 4. Nf3 Nxe4 5. Nc3 Nxc3 6. dxc3 Be7 7. Be3 O-O 8.
Qd2 Nd7 9. O-O-O Nf6 10. Bd3 Re8 11. Rhe1 Bg4 12. Kb1 d5 13. Qc1 c5 14. c4 d4
15. Bg5 Qd6 16. Bf4 Qa6 17. Be5 Be6 18. b3 Ng4 19. Re2 Nxe5 20. Rxe5 Bg4 21.
Rde1 Bxf3 22. gxf3 Kf8 23. Bxh7 Bf6 24. Rxe8+ Rxe8 25. Rxe8+ Kxe8 26. Qe1+ Qe6
27. Qxe6+ fxe6 28. Be4 b6 29. f4 Bh4 30. f3 Be7 31. f5 exf5 32. Bxf5 Bd6 33. h3
Be5 34. Bd3 g5 35. Kb2 Kd7 36. Ka3 Kc7 37. Ka4 a6 38. Ka3 Bf4 39. Kb2 Bd2 40.
Be4 Kb8 1/2-1/2

[Event "TCh-FRA Top 12 2021"]
[Site "Chalons en Champagne FRA"]
[Date "2021.06.28"]
[Round "5.2"]
[Board "4"]
[White "Solakian-Van Eyll, Jerome"]
[Black "Ternault, Mathieu"]
[Result "0-1"]
[WhiteTitle "CM"]
[BlackTitle "FM"]
[WhiteElo "2285"]
[BlackElo "2308"]
[WhiteTeam "Club 608 Paris"]
[BlackTeam "Echiquier Agenais"]
[WhiteFideId "608050"]
[BlackFideId "20641532"]
[EventDate "2021.06.24"]

1. e4 e6 2. d4 d5 3. Nc3 Bb4 4. exd5 exd5 5. Bd3 Nc6 6. Nf3 Bg4 7. O-O Nge7 8.
h3 Bh5 9. a3 Ba5 10. Be3 Bb6 11. g4 Bg6 12. b4 h5 13. b5 Bxd3 14. cxd3 hxg4 15.
bxc6 gxf3 16. cxb7 Rxh3 17. bxa8=Q Qxa8 18. Ne2 Qc8 19. Ng3 Qg4 20. Ra2 Rh1+ 21.
Kxh1 Qh3+ 22. Kg1 Qg2# 0-1

[Event "TCh-FRA Top 12 2021"]
[Site "Chalons en Champagne FRA"]
[Date "2021.06.28"]
[Round "5.2"]
[Board "5"]
[White "Louis, Thibault"]
[Black "Iglesias, Joachim"]
[Result "1-0"]
[WhiteTitle "FM"]
[BlackTitle "FM"]
[WhiteElo "2269"]
[BlackElo "2259"]
[WhiteTeam "Echiquier Agenais"]
[BlackTeam "Club 608 Paris"]
[WhiteFideId "681369"]
[BlackFideId "637823"]
[EventDate "2021.06.24"]

1. e4 c5 2. Nf3 d6 3. Bc4 g6 4. c3 Qc7 5. Qe2 Bg7 6. O-O Nc6 7. h3 a6 8. a4 h6
9. d4 cxd4 10. cxd4 Nxd4 11. Nxd4 Bxd4 12. Qd3 Bg7 13. Nc3 Nf6 14. Be3 O-O 15.
a5 Kh7 16. Bb6 Qb8 17. Rac1 Be6 18. Bxe6 fxe6 19. Ne2 Nd7 20. Rc7 Nxb6 21. axb6
Qd8 22. Rxb7 Bxb2 23. Qb3 Bg7 24. Qxe6 Rb8 25. Rd7 Qxb6 26. Qxe7 Qb2 27. Ng3 Qe5
28. Qxe5 dxe5 29. Ra1 Ra8 30. Ra5 h5 31. Rxe5 a5 32. Ree7 Rg8 33. Ra7 Rxa7 34.
Rxa7 Re8 35. h4 Kh6 36. Rxa5 Be5 37. Ra4 Bxg3 38. fxg3 Rb8 39. Kf2 Rb3 40. Ra7
g5 41. Ra6+ Kg7 42. Ra5 Rb2+ 43. Ke3 Rb3+ 44. Kd4 Rb4+ 45. Kd3 gxh4 46. Rg5+ Kf6
47. gxh4 Rb2 48. Ke3 Ke6 49. g3 Rb6 50. Rxh5 1-0

[Event "TCh-FRA Top 12 2021"]
[Site "Chalons en Champagne FRA"]
[Date "2021.06.28"]
[Round "5.2"]
[Board "6"]
[White "Mendeiros, Jerome"]
[Black "Favarel, Julien"]
[Result "1/2-1/2"]
[BlackTitle "FM"]
[WhiteElo "2134"]
[BlackElo "2338"]
[WhiteTeam "Club 608 Paris"]
[BlackTeam "Echiquier Agenais"]
[WhiteFideId "607975"]
[BlackFideId "633453"]
[EventDate "2021.06.24"]

1. e4 e5 2. Nf3 Nc6 3. Bc4 Bc5 4. c3 Nf6 5. d3 d6 6. a4 a5 7. Nbd2 O-O 8. O-O
Ba7 9. h3 Ne7 10. Re1 Ng6 11. Nf1 h6 12. Ng3 c6 13. Bb3 d5 14. exd5 Nxd5 15. d4
exd4 16. Nxd4 Ngf4 17. Qf3 Bxd4 18. cxd4 Qc7 19. Bc4 Be6 20. b3 Rfe8 21. Bd2 Ng6
22. Nh5 Qd8 23. Rad1 b6 24. Qg3 Qh4 25. Qf3 Qd8 26. Qg3 Qh4 27. Qf3 1/2-1/2

[Event "TCh-FRA Top 12 2021"]
[Site "Chalons en Champagne FRA"]
[Date "2021.06.28"]
[Round "5.2"]
[Board "7"]
[White "Roubert, Emile"]
[Black "Baillon, Olivier"]
[Result "0-1"]
[WhiteElo "2067"]
[BlackElo "2213"]
[WhiteTeam "Echiquier Agenais"]
[BlackTeam "Club 608 Paris"]
[WhiteFideId "680311"]
[BlackFideId "616141"]
[EventDate "2021.06.24"]

1. e4 Nc6 2. Nf3 d5 3. exd5 Qxd5 4. Nc3 Qa5 5. Bb5 Bd7 6. O-O a6 7. Be2 O-O-O 8.
Rb1 e5 9. a3 Nd4 10. b4 Nxf3+ 11. Bxf3 Qb6 12. d3 f5 13. a4 Nf6 14. Qe2 e4 15.
dxe4 fxe4 16. Nxe4 Nxe4 17. Bxe4 Bxa4 18. Be3 Qf6 19. c4 Bd6 20. Bf3 b5 21. Kh1
Qh4 22. Bg4+ Kb8 23. g3 Qf6 24. Bf3 bxc4 25. Bg2 Bb5 26. Qg4 h5 27. Qe4 c6 28.
Bd4 Qf7 29. Be3 Bc7 30. Rfd1 Rhe8 31. Rxd8+ Rxd8 32. h4 Qd7 33. Re1 Qd3 34. Qe7
Qd6 35. Bc5 Qxe7 36. Rxe7 c3 37. Be4 Ba4 38. Be3 c2 39. Kg2 Rd1 40. Rxg7 c1=Q
41. Bxc1 Rxc1 42. Bf3 Bd1 43. Rg5 Bd6 44. Rxh5 Bxb4 45. Re5 a5 46. h5 a4 47.
Bxc6 Rxc6 48. Rb5+ Kc7 49. Rxb4 a3 50. Rd4 Bxh5 51. Ra4 Rc3 52. g4 Be8 0-1

[Event "TCh-FRA Top 12 2021"]
[Site "Chalons en Champagne FRA"]
[Date "2021.06.28"]
[Round "5.2"]
[Board "8"]
[White "Auvray, Juliette"]
[Black "Gennesseaux, Gabrielle"]
[Result "1-0"]
[WhiteElo "2010"]
[BlackElo "1799"]
[WhiteTeam "Club 608 Paris"]
[BlackTeam "Echiquier Agenais"]
[WhiteFideId "695904"]
[BlackFideId "20686684"]
[EventDate "2021.06.24"]

1. e4 e6 2. d4 d5 3. Nc3 Nf6 4. Bg5 Bb4 5. e5 h6 6. Be3 Ne4 7. Qg4 g6 8. a3
Bxc3+ 9. bxc3 c5 10. Bd3 Qa5 11. Ne2 cxd4 12. Bxd4 Nc6 13. O-O Nc5 14. Qf4 Nxd4
15. Nxd4 Bd7 16. c4 h5 17. cxd5 Nxd3 18. Qf6 O-O 19. cxd3 Qxd5 20. Qf4 Bc6 21.
Nxc6 Qxc6 22. Rfe1 Rfd8 23. Rad1 Rd5 24. d4 Rad8 25. Rd3 Qc4 26. Red1 Qa4 27. h3
Rc8 28. g4 hxg4 29. hxg4 Qe8 30. Rh3 Qf8 31. Kg2 Qg7 32. Qf6 Rc4 33. Rdh1 1-0

[Event "TCh-FRA Top 12 2021"]
[Site "Chalons en Champagne FRA"]
[Date "2021.06.28"]
[Round "5.3"]
[Board "1"]
[White "Loiseau, Quentin"]
[Black "Eugene, Floryan"]
[Result "0-1"]
[WhiteTitle "IM"]
[BlackTitle "FM"]
[WhiteElo "2459"]
[BlackElo "2343"]
[WhiteTeam "Grasse Echecs"]
[BlackTeam "Echiquier de l'Erdre"]
[WhiteFideId "665274"]
[BlackFideId "20694784"]
[EventDate "2021.06.24"]

1. e4 Nf6 2. e5 Nd5 3. d4 d6 4. c4 Nb6 5. exd6 cxd6 6. Nc3 g6 7. Be3 Bg7 8. Rc1
O-O 9. b3 d5 10. c5 e5 11. dxe5 Nc6 12. cxb6 d4 13. Nb5 Bxe5 14. Nf3 Bg4 15.
Rxc6 Bxf3 16. gxf3 bxc6 17. Nxd4 axb6 18. f4 Qd5 19. Rg1 Rxa2 20. fxe5 Qa5+ 21.
Bd2 Qxe5+ 22. Be3 Rd8 23. Rg5 Qe7 24. Be2 Qa3 25. Qd3 Ra1+ 26. Bd1 c5 27. Re5
cxd4 28. Bf4 Qb4+ 29. Kf1 Qc3 30. Qe2 Qc6 31. Kg1 d3 32. Qe1 d2 33. Bxd2 Qd7 34.
Re2 h5 35. h3 Kh7 36. Kh2 b5 37. b4 Qd6+ 38. Kg2 Qd5+ 39. Kh2 Qf3 40. Kg1 Qxh3
41. Re7 Qf5 42. Re2 Qf3 43. Kh2 Rd4 0-1

[Event "TCh-FRA Top 12 2021"]
[Site "Chalons en Champagne FRA"]
[Date "2021.06.28"]
[Round "5.3"]
[Board "2"]
[White "Duboue, Peio"]
[Black "Barbot, Pierre1"]
[Result "0-1"]
[WhiteTitle "FM"]
[BlackTitle "IM"]
[WhiteElo "2412"]
[BlackElo "2443"]
[WhiteTeam "Echiquier de l'Erdre"]
[BlackTeam "Grasse Echecs"]
[WhiteFideId "654833"]
[BlackFideId "663727"]
[EventDate "2021.06.24"]

1. e4 e5 2. Nf3 Nc6 3. d4 exd4 4. Nxd4 Qf6 5. Be3 Bc5 6. c3 Nge7 7. Bc4 b6 8.
O-O Bb7 9. Nb3 Ne5 10. Nxc5 bxc5 11. Bb3 Bxe4 12. Nd2 Bb7 13. f4 N5g6 14. Rf2 d6
15. Ba4+ Nc6 16. Qf3 Ne7 17. Ne4 Qf5 18. g4 Qc8 19. f5 O-O 20. Bf4 f6 21. Bb3+
Kh8 22. Be6 Qe8 23. Re1 Nd8 24. Bb3 Qc6 25. Qd1 Nd5 26. Bg3 Nf7 27. Ba4 Qa6 28.
Bd7 Ne5 29. Bxe5 fxe5 30. g5 Nf4 31. Rxf4 exf4 32. Qh5 Bxe4 33. Rxe4 Qd3 34. Re7
Qb1+ 35. Kg2 Qc2+ 36. Kg1 f3 37. Qxf3 Qc1+ 38. Kf2 Qxg5 39. Re4 Rad8 40. Be6
Rde8 41. Qh3 g6 42. Ke2 gxf5 43. Bxf5 Rxe4+ 44. Bxe4 Qe7 45. Kd3 c4+ 46. Kd4 0-1